01041nam a2200229 i 4500001000700000003000900007005001700016007000300033008004100036100003000077245011300107260009800220300003200318490010200350651003200452700003600484830011000520852003200630942000800662999001900670952012200689126588ES-MaACL20230906192838.0t|070214s1966 sp r ||||1| spa d1 aRequena, Fermín.99629110aAntequera bajo la casa de Aguilar b: (1472-1528) / cFermín Requena ; prólogo de Antonio Gallardo Pozo. aAntequeraCaja de Ahorros y Préstamos, c1966 (eSevilla : fTall. Tip. del Maestro F. Vera) a104 p., 4 lám. ; c20 cm.1 aPublicaciones de la Biblioteca Antequerana de la Caja de Ahorros y Préstamos de Antequera ; v6 4aAntequera-xHistoria.977841 aGallardo Pozo, Antonio.92265120 aPublicaciones de la Biblioteca Antequerana de la Caja de Ahorros y Préstamos de Antequera ; v69219125 aES-MaACLjC-31624 bR.62278 2udc c126588d126588 00104070aATENEOMbATENEOMcDEPO2d2008-01-17eSCl0oC-31624p1131851r2023-02-23 00:00:00w2023-02-23yMONOGRAFIA